| 000 | 00678nam a22002770a 4500 | ||
|---|---|---|---|
| 001 | PT42729 | ||
| 003 | AR-LpoUNG | ||
| 005 | 20251015115733.0 | ||
| 008 | 191001s2008||||sp |||||||||||||||||spa d | ||
| 020 |
_a9788420655116 _c$50 |
||
| 040 |
_aAR-LpoUNG _bspa _cAR-LpoUNG _eaacr |
||
| 041 | _aspa | ||
| 044 | _asp | ||
| 082 | 0 | _a320.092 758teo | |
| 100 | 1 | _aSpinoza, Baruch | |
| 245 | 1 | 0 | _aTratado teológico-político |
| 260 |
_aMadrid : _bAlianza, _c2008. |
||
| 300 |
_a455 p. : _bil. |
||
| 650 | 4 | _aDERECHO | |
| 650 | 4 | _aESTADO | |
| 650 | 4 | _aFILOSOFIA | |
| 650 | 4 | _aFILOSOFIA POLITICA | |
| 700 | 1 |
_aDomínguez, Atilano _etr. |
|
| 905 | _a42729 | ||
| 942 |
_cLIB _2ddc |
||
| 999 |
_c7047 _d7047 |
||